| Tag |
First Indicator |
Second Indicator |
Subfields |
| LEADER |
00000nam a2200000 i 4500 |
| 001 |
in00004762011 |
| 006 |
m o d f |
| 007 |
cr ||||||||||| |
| 008 |
231129s2023 dcu oz f000 0 eng c |
| 005 |
20231213203748.0 |
| 035 |
|
|
|a (OCoLC)on1411006442
|
| 040 |
|
|
|a GPO
|b eng
|e rda
|e pn
|c GPO
|d MvI
|
| 041 |
0 |
|
|a eng
|a kor
|
| 042 |
|
|
|a pcc
|
| 043 |
|
|
|a n-us---
|a a-ko---
|
| 049 |
|
|
|a WWW
|
| 074 |
|
|
|a 0899-A-01 (online)
|
| 086 |
0 |
|
|a S 9.10:23-216
|
| 130 |
0 |
|
|a Agreement Relating to Scientific and Technical Cooperation between the Government of the United States of America and the Government of the Republic of Korea
|d (1999 July 2).
|k Protocols, etc.
|d (2023 February 3)
|
| 245 |
1 |
0 |
|a Scientific and technical cooperation :
|b protocol between the United States of America and the Republic of Korea extending and amending the Agreement of July 2, 1999, signed at Washington, February 3, 2023 ; entered into force February 16, 2023.
|
| 246 |
3 |
0 |
|a Protocol between the United States of America and the Republic of Korea extending and amending the Agreement of July 2, 1999, signed at Washington, February 3, 2023 ; entered into force February 16, 2023
|
| 264 |
|
1 |
|a [Washington, D.C.] :
|b United States Department of State,
|c [2022?]
|
| 300 |
|
|
|a 1 online resource (20 unnumbered pages).
|
| 336 |
|
|
|a text
|b txt
|2 rdacontent
|
| 337 |
|
|
|a computer
|b c
|2 rdamedia
|
| 338 |
|
|
|a online resource
|b cr
|2 rdacarrier
|
| 490 |
1 |
|
|a Treaties and other international acts series ;
|v 23-216
|
| 500 |
|
|
|a In scope of the U.S. Government Publishing Office Cataloging and Indexing Program (C&I) and Federal Depository Library Program (FDLP).
|
| 500 |
|
|
|a GPO Cataloging Record Distribution Program (CRDP).
|
| 546 |
|
|
|a Text in English and Korean.
|
| 588 |
|
|
|a Description based on online resource; title from PDF title screen (U.S. Department of State web site, viewed on Nov. 29, 2023).
|
| 650 |
|
0 |
|a Research
|x Law and legislation
|z Korea (South)
|
| 650 |
|
0 |
|a Research
|x Law and legislation
|z United States.
|
| 650 |
|
0 |
|a Communication of technical information
|z Korea (South)
|
| 650 |
|
0 |
|a Communication of technical information
|z United States.
|
| 655 |
|
7 |
|a Treaties.
|2 lcgft
|
| 710 |
1 |
|
|a United States.
|b Department of State,
|e issuing body.
|
| 710 |
1 |
|
|a Korea (South),
|e participant in treaty.
|
| 710 |
1 |
|
|a United States,
|e participant in treaty.
|
| 830 |
|
0 |
|a Treaties and other international acts series ;
|v 23-216.
|
| 856 |
4 |
0 |
|u https://purl.fdlp.gov/GPO/gpo220501
|t 0
|
| 999 |
f |
f |
|s 3f23cafb-147a-48e9-9eb1-8fab05f51dc7
|i 06933ddc-7add-4205-8043-0e7640b6ae00
|t 0
|
| 952 |
f |
f |
|a Texas A&M University
|b College Station
|c Electronic Resources
|d Available Online
|t 0
|e S 9.10:23-216
|h Superintendent of Documents classification
|
| 998 |
f |
f |
|a S 9.10:23-216
|t 0
|l Available Online
|